Glasscock-Shambaugh Surgery of the Ear (Record no. 1530)

MARC details
000 -LEADER
fixed length control field 00901cam a2200277 a 4500
001 - CONTROL NUMBER
control field 13073882
003 - CONTROL NUMBER IDENTIFIER
control field OSt
005 - DATE AND TIME OF LATEST TRANSACTION
control field 20210206132017.0
008 - FIXED-LENGTH DATA ELEMENTS--GENERAL INFORMATION
fixed length control field 030129s2003 onca b 001 0 eng
010 ## - LIBRARY OF CONGRESS CONTROL NUMBER
LC control number 2003265018
020 ## - INTERNATIONAL STANDARD BOOK NUMBER
International Standard Book Number 1550091514
040 ## - CATALOGING SOURCE
Original cataloging agency DLC
Transcribing agency DLC
Modifying agency DLC
050 00 - LIBRARY OF CONGRESS CALL NUMBER
Classification number RF126
Item number .S5 2003
082 00 - DEWEY DECIMAL CLASSIFICATION NUMBER
Classification number WV 200 G76g 2003
Edition number 21
100 1# - MAIN ENTRY--PERSONAL NAME
Personal name Glasscock, Michael E.; Aina, Julianna Gulya.
Titles and words associated with a name III,
9 (RLIN) 4017
245 10 - TITLE STATEMENT
Title Glasscock-Shambaugh Surgery of the Ear
250 ## - EDITION STATEMENT
Edition statement 5th ed.
260 ## - PUBLICATION, DISTRIBUTION, ETC. (IMPRINT)
Place of publication, distribution, etc. Hamilton, Ont. :
Name of publisher, distributor, etc. BC Decker,
Date of publication, distribution, etc. c2003.
300 ## - PHYSICAL DESCRIPTION
Extent xvi, 808 p. :
Other physical details ill. ;
Dimensions 29 cm. +
Accompanying material 1 CD-ROM (4 3/4 in.)
504 ## - BIBLIOGRAPHY, ETC. NOTE
Bibliography, etc Includes bibliographical references and indexes.
650 #0 - SUBJECT ADDED ENTRY--TOPICAL TERM
Topical term or geographic name as entry element Ear
9 (RLIN) 4018
650 #2 - SUBJECT ADDED ENTRY--TOPICAL TERM
Topical term or geographic name as entry element ENT Surgery
9 (RLIN) 4019
906 ## - LOCAL DATA ELEMENT F, LDF (RLIN)
a 7
b cbc
c origcop
d 2
e ncip
f 20
g y-gencatlg
942 ## - ADDED ENTRY ELEMENTS (KOHA)
Source of classification or shelving scheme Other/Generic Classification Scheme
Koha item type Short Loan
Holdings
Withdrawn status Lost status Source of classification or shelving scheme Damaged status Not for loan Home library Current library Date acquired Source of acquisition Inventory number Total Checkouts Full call number Barcode Date last seen Koha item type
    Other/Generic Classification Scheme     MUST Main Library MUST Main Library 23/04/2015 Purchase 04/21061   WV 200 G76g 2003 2015-1087 23/04/2015 Short Loan
    Other/Generic Classification Scheme     MUST Main Library MUST Main Library 23/04/2015 Purchase 04/21062   WV 200 G76g 2003 2015-1088 23/04/2015 Short Loan